• 首页
  • 本馆介绍
  • 公告通知
  • 最新文献
  • 馆藏检索
  • 电子资源
  • 读者导购
  • 参考咨询
  • 我的图书馆
  • 登录
  • 详细信息显示
  • 放入我的书架
  • 预约/预借图书
  • 作者相关作品
  • 分类相关作品
  • 丛书相关作品
  • 出版社相关作品

书目信息

  • 表格格式
  • 工作单格式
  • 卡片格式
题名:
结构化学习题解析
    
 
作者: 周公度 , 段连运 编著
分册:  
出版信息: 北京   北京大学出版社  1997.09
页数: 316页
开本: 20cm
丛书名: 北京大学物理化学丛书
单 册:
中图分类: O641-44
科图分类:
主题词: 物理化学 , 量子化学
电子资源:
ISBN: 7-301-03485-7
000 00709nam0 2200241 45
001 0204030935
005 20031219104054.0
010    @a7-301-03485-7@dCNY14.00
100    @a20020403d1997 km y0chiy0120 ea
101 0  @achi
105    @a z 000yy
200 1  @a结构化学习题解析@AJie Gou Hua Xue Xi Ti Jie Xi@f周公度,段连运编著@FZhou Gong Du,Duan Lian Yun Bian Zhu
210    @a北京@c北京大学出版社@d1997.09
215    @a316页@d20cm
225    @a北京大学物理化学丛书
410    @12001 @a北京大学物理化学丛书
606 0  @a物理化学
606 0  @a量子化学
690    @aO641-44@v4
701  0 @a周公度@4编著
701  0 @a段连运@4编著
801    @aCN@bTSTC@c20020403
905    @b307428-437@dO641-44@e30@f10
    
    结构化学习题解析/周公度,段连运编著.-北京:北京大学出版社,1997.09
    316页;20cm.-(北京大学物理化学丛书)
    
    
    ISBN 7-301-03485-7:CNY14.00
    
●
相关链接 在E读中查询图书 在五车中查询图书 在当当中查询图书 在豆瓣中查询图书


正题名:结构化学习题解析     索取号:O641-44/30         预约/预借

序号 登录号 条形码 馆藏地/架位号 状态 备注
1 0307429   203074298   第三借阅区/ [索取号:O641-44/30] 在馆    
2 0307430   203074305   第三借阅区/ [索取号:O641-44/30] 在馆    
3 0307431   203074314   第三借阅区/ [索取号:O641-44/30] 在馆    
4 0307432   203074323   第三借阅区/ [索取号:O641-44/30] 在馆    
5 0307433   203074332   第三借阅区/ [索取号:O641-44/30] 在馆    
6 0307434   203074341   第三借阅区/ [索取号:O641-44/30] 在馆    
7 0307435   203074350   第三借阅区/ [索取号:O641-44/30] 在馆    
8 0307436   203074369   第三借阅区/ [索取号:O641-44/30] 在馆    
9 0307437   203074378   第二样本阅览室/ [索取号:O641-44/30] 在馆    
唐山师范学院图书馆 欢迎您!
大连网信软件有限公司© 版权所有